| 000 | 00411nam a22001697a 4500 | ||
|---|---|---|---|
| 005 | 20180206130722.0 | ||
| 008 | 160701b xxu||||| |||| 00| 0 eng d | ||
| 020 | _a978-81-7366-062-7 | ||
| 041 | _aeng | ||
| 082 |
_b20735 _a005.3 |
||
| 100 |
_aLevine John R & Other _93420 |
||
| 245 | _aLex & Yacc | ||
| 260 |
_bS.P.O _c2014 _anew delhi |
||
| 300 | _a340 | ||
| 650 |
_aInformation Technology _9137 |
||
| 942 | _cBK | ||
| 999 |
_c5119 _d5117 |
||